Borneo : the stealer of hearts

Bibliographic Details
Main Author: COOK
Format: Book
Published: Kota Kinabalu, Sabah : Borneo Pub. , 1991
Subjects:

MARC

LEADER 00000cam a2200000 7i4500
001 0000001179
005 20140117.0
020 0 0 |a 9839724010 
090 0 0 |a 910.92   |b COO 1991 
100 1 0 |a COOK   |h Oscar 
245 1 0 |a Borneo : the stealer of hearts   |c by Oscar Cook 
260 0 0 |a Kota Kinabalu, Sabah :   |b Borneo Pub. ,   |c 1991 
300 |a 286 p., [15] leaves of plates :   |b ill. ;   |c 19 cm. 
500 0 0 |a Previously published: Boston : Houghton Mifflin, 1924 
650 0 0 |a Cook, Oscar   |x Journeys   |z Sabah 
651 0 0 |a Sabah   |x Description and travel 
998 |a JPSM 
999 |a 0000002051   |b Monograph   |c Open Shelf   |e Default branch